| 000 | 00342nam a2200121Ia 4500 | ||
|---|---|---|---|
| 008 | 231228s1998 xx 000 0 und d | ||
| 041 | _aeng | ||
| 082 |
_a5.133 _bFRI |
||
| 100 | _aFRIEDMAN (Dauiel P) / WAND ( Mitchell) | ||
| 245 | _aEssentials of Programming Languages | ||
| 260 |
_aLondon _bHarlow, Addision Wesley - _c1998 |
||
| 300 | _a536 | ||
| 999 |
_c1082445 _d1082445 |
||